| 000 | 00607nam a2200193Ia 4500 | ||
|---|---|---|---|
| 003 | SISC | ||
| 005 | 20160603160726.0 | ||
| 008 | 140609s9999 xx 000 0 und d | ||
| 020 | _a9780080969329 | ||
| 050 |
_aG 155.A1 _b.P2579 2011 |
||
| 100 | _aPage, Stephen J. | ||
| 245 |
_aTourism management : _ban introduction / _cStephen J. Page |
||
| 250 | _a4th edition. | ||
| 260 |
_aOxford ; Burlington, MA : _bButterworth-Heinemann, _c2011. |
||
| 300 |
_a382 pages : _bcolor illustrations. ; _c25 cm. |
||
| 500 | _aIncludes bibliographical references and index. | ||
| 942 |
_kFOR _cBK _2lcc |
||
| 999 |
_c117983 _d117983 |
||